| 000 | 00343nam a2200145Ia 4500 | ||
|---|---|---|---|
| 005 | 20251222141826.0 | ||
| 008 | 251222s9999||||xx |||||||||||||| ||spa|| | ||
| 020 | _a9789606930812 | ||
| 082 | _a451/C75A1/S/Ej.2 | ||
| 100 | _aColombo, Federica | ||
| 245 | 0 | _aArrivederci! 1: | |
| 250 | _a1ra.ed. | ||
| 264 | _bEdizioni Edilingua | ||
| 942 | _cLIB | ||
| 999 |
_c6964 _d6964 |
||